Random Boy Names Quiz Stats

 Plays Quiz not verified by Sporcle

Support Sporcle.
Go Orange.
Score 0/35 Timer 04:00
0 Plays Today
Anagram Name % Correct
hojnJohn
77.3%
phsojeJoseph
59.1%
andDan
59.1%
enbBen
54.5%
mialwliWilliam
54.5%
ckjaJack
54.5%
ladeinDaniel
54.5%
omtTom
50%
vsteeSteve
50%
rhcsiChris
45.5%
liblBill
45.5%
rslcheaCharles
45.5%
nhyreHenry
45.5%
ryharHarry
40.9%
rchisphretoChristopher
40.9%
nyraRyan
40.9%
radojnJordan
40.9%
bboBob
40.9%
Anagram Name % Correct
nstveeSteven
40.9%
enijbanmBenjamin
36.4%
oanarAaron
36.4%
rhrayHarry
36.4%
almiLiam
31.8%
roocnnConnor
31.8%
rgyaGary
27.3%
nyzaZayn
22.7%
leinNeil
22.7%
souliLouis
22.7%
nydanDanny
22.7%
lnailNiall
18.2%
yemaacluMacauley
18.2%
nraraArran
18.2%
uleioLouie
18.2%
muclalCallum
13.6%
nyarlRylan
13.6%

You're not logged in!

Compare scores with friends on all Sporcle quizzes.
OR
Log In

From the Vault

Which 2010s Year?

by strokes_static

Let's take a look back on the decade.
Remove Ads.
Support Sporcle.
Get the best of Sporcle when you Go Orange. This ad-free experience offers more features, more stats, and more fun while also helping to support Sporcle. Thank you for becoming a member.

Show Comments

Extras

Created Sep 25, 2013ReportNominate
Tags:Boy

Top Quizzes Today


Score Distribution

Your Account Isn't Verified!

In order to create a playlist on Sporcle, you need to verify the email address you used during registration. Go to your Sporcle Settings to finish the process.

Report this User

Report this user for behavior that violates our Community Guidelines.

Details: